Improved compatibility of NR/Butyl and NR/EPDM blends by precuring (Record no. 46951)

MARC details
000 -LEADER
fixed length control field 01071nam a2200253Ia 4500
100 ## - MAIN ENTRY--AUTHOR NAME
Personal name Suma N
245 #0 - TITLE STATEMENT
Title Improved compatibility of NR/Butyl and NR/EPDM blends by precuring
260 ## - PUBLICATION, DISTRIBUTION, ETC. (IMPRINT)
Name of publisher Indian Journal of Natural Rubber Research
Year of publication 1992
300 ## - PHYSICAL DESCRIPTION
Number of Pages 238-244
520 ## - SUMMARY, ETC.
Summary, etc In order to improve the mechanical properties of NR/butyl rubber NR/EPDM rubber blends, the butyl and EPDM phases were precured to a low level and then blended with NR. The optimum level of precuring for obtaining maximum improvement in mechanical properties was determined. the blends prepared from precured butyl or EPDM with NR were found to possess superior mechanical properties when compared with their conventional blends.
650 ## - SUBJECT ADDED ENTRY--TOPICAL TERM
Topical Term Blends
650 ## - SUBJECT ADDED ENTRY--TOPICAL TERM
Topical Term Blends
650 ## - SUBJECT ADDED ENTRY--TOPICAL TERM
Topical Term Butyl rubber
650 ## - SUBJECT ADDED ENTRY--TOPICAL TERM
Topical Term Butyl rubber
650 ## - SUBJECT ADDED ENTRY--TOPICAL TERM
Topical Term Cure compabibility
650 ## - SUBJECT ADDED ENTRY--TOPICAL TERM
Topical Term Cure compabibility
650 ## - SUBJECT ADDED ENTRY--TOPICAL TERM
Topical Term EPDM
650 ## - SUBJECT ADDED ENTRY--TOPICAL TERM
Topical Term EPDM
650 ## - SUBJECT ADDED ENTRY--TOPICAL TERM
Topical Term Natural rubber
650 ## - SUBJECT ADDED ENTRY--TOPICAL TERM
Topical Term Natural rubber
700 ## - ADDED ENTRY--PERSONAL NAME
Personal name Joseph R
942 ## - ADDED ENTRY ELEMENTS (KOHA)
Koha item type Articles
Holdings
Withdrawn status Lost status Damaged status Not for loan Home library Current library Shelving location Date acquired Serial Enumeration / chronology Koha item type
      Articles RRII Library RRII Library Rubber technology 20/12/2021 Volume 5, Issue 1&2 Articles